000 00854nam0a22002531 4500
001 RU\INFOCOMM_322\NLR\5000102693
005 20250614080021.0
035 _a(NLR Aleph) 010590569
090 _a10501151
_c10501151
100 _a20121212d1966 |||y0rusy50 ca
101 0 _aspa
102 _aRU
105 _ay z||||
200 1 _aAcerca de las Directrices para el plan quinquenal de fomento de la economía de la URSS de 1966 a 1970
210 _a[M.]
_d[1966]
215 _aС. 181-302
300 _aВ кн.: Partido comunista de la Unión Soviética. Congreso, 23. Moscú. 1966. [Recopilación de materiales. M. 1966], с. 181-302
620 _aМосква
700 1 _aKosygin
_bA. N.
_f1904-
_gAleksej Nikolaevič
801 1 _aRU
_bNLR
_c20121212
801 0 _aRU
_bINFOCOMM
_gPSBO
852 _aNLR
_jИп31 Г-1/15
942 _cBOOK
980 _aNB